Introduction to probability models / (Record no. 51617)
[ view plain ]
| 000 -LEADER | |
|---|---|
| fixed length control field | 00972nam a2200301 a 4500 |
| 001 - CONTROL NUMBER | |
| control field | 51617 |
| 003 - CONTROL NUMBER IDENTIFIER | |
| rucl marc code | BD-RjUL |
| 005 - DATE AND TIME OF LATEST TRANSACTION | |
| control field | 20211209075704.0 |
| 008 - FIXED-LENGTH DATA ELEMENTS--GENERAL INFORMATION | |
| fixed length control field | 160930r20032006caua ob 001 0 eng d |
| 020 ## - INTERNATIONAL STANDARD BOOK NUMBER | |
| International Standard Book Number | 9780124079489 (electronic bk.) |
| International Standard Book Number | 0124079482 (electronic bk.) |
| International Standard Book Number | 9788181472083 |
| International Standard Book Number | 818147208X |
| 035 ## - SYSTEM CONTROL NUMBER | |
| System control number | (BD-RjUL) 51737 |
| 040 ## - CATALOGING SOURCE | |
| Original cataloging agency | OPELS |
| Language of cataloging | eng |
| Description conventions | rda |
| -- | pn |
| Transcribing agency | OPELS |
| Modifying agency | BD-RjUL |
| 041 ## - LANGUAGE CODE | |
| Language code of text/sound track or separate title | eng |
| 082 04 - DEWEY DECIMAL CLASSIFICATION NUMBER | |
| Classification number | 519.2 |
| Edition number | 23 |
| Author mark and year | ROI 2006 |
| 100 1# - MAIN ENTRY--PERSONAL NAME | |
| Personal name | Ross, Sheldon M. |
| 9 (RLIN) | 154302 |
| 245 10 - TITLE STATEMENT | |
| Title | Introduction to probability models / |
| Statement of responsibility, etc. | Sheldon M. Ross. |
| 250 ## - EDITION STATEMENT | |
| Edition statement | 8th ed. |
| 260 ## - PUBLICATION, DISTRIBUTION, ETC. (IMPRINT) | |
| Place of publication, distribution, etc. | Boston : |
| Name of publisher, distributor, etc. | Academic Press, |
| Date of publication, distribution, etc. | c 2003 [Reprinted 2006] |
| 300 ## - PHYSICAL DESCRIPTION | |
| Pagination | xvii, 755 p. : |
| Illustrations | ill. ; |
| Size | 23 cm. |
| 504 ## - BIBLIOGRAPHY, ETC. NOTE | |
| Bibliography, etc | Includes bibliographical references and index. |
| 650 #0 - SUBJECT ADDED ENTRY--TOPICAL TERM | |
| Topical term or geographic name as entry element | Probabilities. |
| 9 (RLIN) | 154303 |
| 856 40 - ELECTRONIC LOCATION AND ACCESS | |
| Uniform Resource Identifier | <a href="http://www.sciencedirect.com/science/book/9780124079489">http://www.sciencedirect.com/science/book/9780124079489</a> |
| Public note | MIT Access Only |
| 942 ## - ADDED ENTRY ELEMENTS (KOHA) | |
| Source of classification or shelving scheme | Dewey Decimal Classification |
| Koha item type | Books |
| Lost status | Source of classification or shelving scheme | Damaged status | Not for loan | Collection code | Permanent Location | Current Location | Shelving location | Date acquired | Source of acquisition | Cost, normal purchase price | Total Checkouts | Full call number | Date last seen | Date checked out | Copy number | Koha item type |
|---|---|---|---|---|---|---|---|---|---|---|---|---|---|---|---|---|
| Dewey Decimal Classification | Non-fiction | Central Library, University of Rajshahi | Central Library, University of Rajshahi | 20/07/2008 | Paragon Enterprise ltd., Dhaka | 325.00 | 1 | 519.2 ROI 2006 | 22/11/2017 | 06/11/2017 | C-2 | Books | ||||
| Dewey Decimal Classification | Not For Loan | Non-fiction | Central Library, University of Rajshahi | Central Library, University of Rajshahi | Reading Room | 20/07/2008 | Dhaka, Paragon Enterprises ltd. | 325.00 | 519.2 ROI 2006 | 17/04/2017 | C-1 | Books |